000
00268nam a2200109Ia 4500
008
230907s9999||||xx |||||||||||||| ||und||
082
_a
720.1
_b
TAI
100
_a
Tait, James
_9
115876
245
4
_a
The architecture concept book /
300
_a
280 pages :
942
_c
BK
999
_c
600030
_d
600030